000
00215 a2200097 4500
001
78027
082
_a
621.38153
_b
HUS
090
_c
39352
_d
39352
100
_a
Husenrath
245
_a
Digital Logic Circuits and System
942
_a
CAENUST
_k
621.38153
999
_c
313100
_d
313100